000
00294nam a22001217a 4500
008
181106b xxu||||| |||| 00| 0 eng d
041
_a
eng
080
_2
2nd
_a
610.73
100
_a
2
101
_a
INF
245
_a
Standart First AID & Personal Safety
_c
Doubleday & Company
942
_2
udc
_c
BK
999
_c
52006
_d
52006